Ngữ liệu văn học
Ngữ liệu văn học là loại sách dùng để tra cứu. Sách gồm 923 mục từ, chủ yếu là các ngữ liệu hiện diện trong các sách giáo khoa phổ thông trung học, giáo trình cao đẳng và đại học và một số ngữ liệu thường thấy trong các sách tham khảo c...
Gardado en:
| Autor Principal: | |
|---|---|
| Formato: | Libro |
| Idioma: | Undetermined |
| Publicado: |
H.
Giáo dục
1999
|
| Những chủ đề: | |
| Acceso en liña: | http://lrc.tdmu.edu.vn/opac/search/detail.asp?aID=2&ID=6492 |
| Các nhãn: |
Engadir etiqueta
Sen Etiquetas, Sexa o primeiro en etiquetar este rexistro!
|
| Thư viện lưu trữ: | Trung tâm Học liệu Trường Đại học Thủ Dầu Một |
|---|
| LEADER | 01054nam a2200205Ia 4500 | ||
|---|---|---|---|
| 001 | TDMU_6492 | ||
| 008 | 210410s9999 xx 000 0 und d | ||
| 082 | |a 411 | ||
| 090 | |b Đ116 | ||
| 100 | |a Đặng, Đức Siêu | ||
| 245 | 0 | |a Ngữ liệu văn học | |
| 245 | 0 | |c Đặng Đức Siêu | |
| 260 | |a H. | ||
| 260 | |b Giáo dục | ||
| 260 | |c 1999 | ||
| 300 | |a 340tr | ||
| 520 | |a Ngữ liệu văn học là loại sách dùng để tra cứu. Sách gồm 923 mục từ, chủ yếu là các ngữ liệu hiện diện trong các sách giáo khoa phổ thông trung học, giáo trình cao đẳng và đại học và một số ngữ liệu thường thấy trong các sách tham khảo có tần số xuất hiện khá cao | ||
| 650 | |a Sách tra cứu; Ngữ liệu văn học; Ngôn ngữ văn học | ||
| 856 | |u http://lrc.tdmu.edu.vn/opac/search/detail.asp?aID=2&ID=6492 | ||
| 980 | |a Trung tâm Học liệu Trường Đại học Thủ Dầu Một | ||